00689nam a2200229 a 4500001001300000003000900013005001700022008004100039020001000080082001500090245004300105260005300148300000900201500003500210505003300245650002200278710003600300902000800336942000700344952009500351999001300446nice12345678IN_TiNIC20260116011310.0050524s1916 newa grp 000 0 eng  ac10000a269.2bBMP aPresentation of Christianity to Muslim aNew YorkbBOARD of Missionarry Preparationc1916 a142p aincludes index and biblioraphy2 aMethodist church west africa aEvangelistic Work2 aBoard of Missionary Preparation bSRS cBK 00104070aHMIbHMId2007-07-13g100.00l0o269.2 BMPp01984r2007-07-13w2026-01-16yEB c284d284